Più grandi città del Trentino-Alto Adige - Statistics

Statistiche generali
  • Questo quiz è stato fatto 277 volte
  • Il punteggio medio è 6 su 10
Statistiche sulle risposte
Popolazione Città % Corretto
117.317 ⭐️ Trento
100%
106.441 ⭐️ Bolzano
99%
39.462 Merano
80%
39.289 Rovereto
71%
21.535 Bressanone
69%
16.109 Brunico
54%
16.926 Riva del Garda
54%
17.526 Arco
39%
21.280 Pergine Valsugana
39%
17.700 Laives
25%
Nessun quiz corrispondente trovato
Distribuzione punteggi
Percentuale di utenti per punteggio
Percentile per numero di risposta
I tuoi punteggi nel tempo
Non hai fatto questo quiz